[Event "Mondiale Lampo FIDE 2019"]
[Site "Mosca"]
[Date "29.12.2019"]
[Round "6.43"]
[White "Xu, Yinglun"]
[Black "Ivanisevic, Ivan"]
[Result "1/2-1/2"]
[WhiteTitle "GM"]
[BlackTitle "GM"]
[WhiteElo "2555"]
[BlackElo "2593"]
[WhiteFideId "8604940"]
[BlackFideId "912417"]
[EventDate "2019.12.29"]

1. d4 Nf6 2. c4 e6 3. Nf3 c5 4. e3 d6 5. Nc3 Nbd7 6. d5 exd5 7. cxd5 g6 8. Bd3
Bg7 9. O-O O-O 10. h3 h6 11. a4 Re8 12. Re1 Nh7 13. e4 Ng5 14. Nh2 f5 15. exf5
Rxe1+ 16. Qxe1 Ne5 17. Bc2 Bxf5 18. Bxf5 gxf5 19. Qe2 Ngf7 20. f4 Ng6 21. Nf3
Qf6 22. Bd2 Nh4 23. Re1 Nxf3+ 24. Qxf3 Qd4+ 25. Be3 Qd3 26. Qe2 Qxe2 27. Rxe2
Bxc3 28. bxc3 Re8 29. Kf2 h5 30. Rb2 Re7 31. g3 Nh6 32. Kf3 Kf7 33. Bf2 Ng8 34.
c4 Nf6 35. Re2 Ne4 36. Be1 Kg6 37. Rb2 Nf6 38. Bc3 Ne4 39. Be1 b6 40. Rb5 Nf6
41. Bc3 Re4 42. a5 bxa5 43. Rxa5 Rxc4 44. Bxf6 Kxf6 45. Ra6 Rc3+ 46. Kf2 Rd3 47.
Rxd6+ Ke7 48. Ra6 c4 49. Rxa7+ Kd6 50. Ke2 Rxg3 51. Rf7 Kxd5 52. Rxf5+ Ke4 53.
Rxh5 Rg2+ 54. Kd1 Kxf4 55. Rc5 1/2-1/2

[Event "Mondiale Lampo FIDE 2019"]
[Site "Mosca"]
[Date "29.12.2019"]
[Round "6.44"]
[White "Giri, Anish"]
[Black "Jumabayev, Rinat"]
[Result "1-0"]
[WhiteTitle "GM"]
[BlackTitle "GM"]
[WhiteElo "2769"]
[BlackElo "2646"]
[WhiteFideId "24116068"]
[BlackFideId "13702661"]
[EventDate "2019.12.29"]

1. e4 e6 2. d4 d5 3. Nc3 Nf6 4. e5 Nfd7 5. f4 c5 6. Nf3 Nc6 7. Be3 a6 8. Qd2 b5
9. Be2 Be7 10. O-O O-O 11. a3 b4 12. axb4 Nxb4 13. dxc5 Nxc5 14. Nd4 Bd7 15. Bf3
Qc7 16. g3 Rab8 17. Rfe1 a5 18. Bf2 Rfe8 19. Bg2 a4 20. Reb1 Rec8 21. Be3 Qa5
22. Qd1 Nc6 23. Nce2 Nxd4 24. Nxd4 Qc7 25. Qg4 g6 26. Qe2 Rb4 27. c3 Rb6 28. Rc1
Rcb8 29. Rc2 Qb7 30. Ra2 Ra6 31. Bf3 Qc8 32. Kg2 Nb3 33. Qf1 Nxd4 34. Bxd4 Bb5
35. Be2 Bxe2 36. Qxe2 Qc4 37. Qxc4 dxc4 38. Kf3 Kf8 39. g4 Ke8 40. Ke4 Kd7 41.
h3 Kc6 42. Rf2 a3 43. bxa3 Rxa3 44. Rxa3 Bxa3 45. Ra2 Rb3 46. f5 gxf5+ 47. gxf5
Kb5 48. f6 Kc6 1-0

[Event "Mondiale Lampo FIDE 2019"]
[Site "Mosca"]
[Date "29.12.2019"]
[Round "6.45"]
[White "Donchenko, Alexander"]
[Black "Le, Quang Liem"]
[Result "0-1"]
[WhiteTitle "GM"]
[BlackTitle "GM"]
[WhiteElo "2644"]
[BlackElo "2713"]
[WhiteFideId "24603295"]
[BlackFideId "12401137"]
[EventDate "2019.12.29"]

1. c4 Nf6 2. Nc3 e5 3. Nf3 Nc6 4. g3 d5 5. cxd5 Nxd5 6. Bg2 Nb6 7. O-O Be7 8. b3
O-O 9. Bb2 Be6 10. Rc1 Qd7 11. Ne4 f6 12. d4 exd4 13. Nxd4 Nxd4 14. Qxd4 Qxd4
15. Bxd4 c6 16. Nc5 Bxc5 17. Bxc5 Rfd8 18. Rfd1 Kf7 19. Kf1 Rxd1+ 20. Rxd1 Nd5
21. Rd3 a5 22. a3 f5 23. e4 fxe4 24. Bxe4 Nf6 25. Bg2 a4 26. Ke1 axb3 27. Rd2
Ra5 28. Bb4 Rb5 29. Kd1 Nd5 30. Bf1 Rb6 31. Rd4 b2 32. Kc2 c5 0-1

[Event "Mondiale Lampo FIDE 2019"]
[Site "Mosca"]
[Date "29.12.2019"]
[Round "6.46"]
[White "Bosiocic, Marin"]
[Black "Zubov, Alexander"]
[Result "1-0"]
[WhiteTitle "GM"]
[BlackTitle "GM"]
[WhiteElo "2623"]
[BlackElo "2601"]
[WhiteFideId "14507927"]
[BlackFideId "14109409"]
[EventDate "2019.12.29"]

1. e4 Nc6 2. Nf3 d6 3. d4 Nf6 4. Nc3 g6 5. h3 Bg7 6. Be3 O-O 7. Be2 a6 8. a4 e5
9. dxe5 dxe5 10. O-O Qe7 11. Nd5 Nxd5 12. exd5 Rd8 13. Bg5 f6 14. Bd2 Nb8 15. a5
c6 16. dxc6 Nxc6 17. Bc4+ Kh8 18. Qe2 e4 19. Rfe1 f5 20. Ng5 Ne5 21. Bf4 Rf8 22.
Rad1 h6 23. Nxe4 Nxc4 24. Qxc4 fxe4 25. Rxe4 Qf6 26. Rd6 Qf5 27. g4 Qb5 28. Rxg6
Qxc4 29. Rxc4 Kh7 30. Rd6 Rf6 31. Rd8 Rc6 32. Rxc6 bxc6 33. b3 c5 34. Be3 c4 35.
bxc4 Rb8 36. Bb6 Be5 37. c5 Bb7 38. Rd7+ Kg8 39. Ba7 Bc6 40. Bxb8 Bxd7 41. Bxe5
h5 42. f3 1-0

[Event "Mondiale Lampo FIDE 2019"]
[Site "Mosca"]
[Date "29.12.2019"]
[Round "6.47"]
[White "Korobov, Anton"]
[Black "Aravindh, Chithambaram VR."]
[Result "0-1"]
[WhiteTitle "GM"]
[BlackTitle "GM"]
[WhiteElo "2668"]
[BlackElo "2605"]
[WhiteFideId "14105730"]
[BlackFideId "5072786"]
[EventDate "2019.12.29"]

1. d4 Nf6 2. c4 g6 3. g3 c6 4. Bg2 d5 5. cxd5 cxd5 6. Nc3 Bg7 7. Nf3 O-O 8. Ne5
e6 9. O-O Nfd7 10. f4 Nc6 11. Be3 f6 12. Nd3 Nb6 13. b3 Qe7 14. Rc1 Bd7 15. Nc5
Be8 16. Bf2 f5 17. Qd2 Bf7 18. e3 Nc8 19. Rc2 Nd6 20. Rfc1 Rfc8 21. a3 Na5 22.
Rb1 Rc7 23. Nb5 Nxb5 24. Qxa5 Nd6 25. Qd2 Rac8 26. Rbc1 Ne4 27. Nxe4 fxe4 28. b4
Be8 29. Bf1 Ba4 30. Rc5 b6 31. R5c3 Bf8 32. Ba6 Rxc3 33. Rxc3 Rc7 34. g4 Qd7 35.
Kg2 b5 36. Qc1 Rc4 37. Rxc4 dxc4 38. Qb1 Qc6 0-1

[Event "Mondiale Lampo FIDE 2019"]
[Site "Mosca"]
[Date "29.12.2019"]
[Round "6.48"]
[White "Meier, Georg"]
[Black "Kobalia, Mikhail"]
[Result "0-1"]
[WhiteTitle "GM"]
[BlackTitle "GM"]
[WhiteElo "2626"]
[BlackElo "2609"]
[WhiteFideId "4675789"]
[BlackFideId "4119150"]
[EventDate "2019.12.29"]

1. Nf3 d5 2. g3 c6 3. Bg2 Bg4 4. h3 Bh5 5. O-O Nf6 6. c4 e6 7. d3 dxc4 8. dxc4
Nbd7 9. Nc3 Qc7 10. Qc2 Be7 11. Nh4 O-O 12. Bf4 e5 13. Be3 Nc5 14. Nf5 Bg6 15.
Nxe7+ Qxe7 16. Qc1 Ne6 17. b3 Nd4 18. Qb2 Nc2 19. Rad1 Nxe3 20. fxe3 Qc5 21. Qc1
Rad8 22. Kh2 a5 23. Rd2 h6 24. Rfd1 Rxd2 25. Qxd2 b5 26. cxb5 cxb5 27. Nd5 Nxd5
28. Bxd5 Rc8 29. Kg2 Kh7 30. Kf2 Rd8 31. Kf3 f5 32. Kf2 f4 33. gxf4 exf4 34. Qd4
fxe3+ 35. Kxe3 Rxd5 0-1

[Event "Mondiale Lampo FIDE 2019"]
[Site "Mosca"]
[Date "29.12.2019"]
[Round "6.49"]
[White "Iljiushenok, Ilia"]
[Black "Gelfand, Boris"]
[Result "0-1"]
[WhiteTitle "GM"]
[BlackTitle "GM"]
[WhiteElo "2521"]
[BlackElo "2684"]
[WhiteFideId "24105074"]
[BlackFideId "2805677"]
[EventDate "2019.12.29"]

1. e4 c5 2. Nf3 Nc6 3. Nc3 e5 4. Bc4 Be7 5. d3 d6 6. O-O Nf6 7. h3 O-O 8. a3 a6
9. Re1 b5 10. Ba2 Be6 11. Nd5 Nd4 12. Nd2 Nxd5 13. Bxd5 Bxd5 14. exd5 Kh8 15.
Nf1 Nf5 16. c3 Nh4 17. g3 Ng6 18. Qh5 f5 19. a4 Qd7 20. axb5 axb5 21. Bd2 Qb7
22. Rxa8 Qxa8 23. c4 bxc4 24. dxc4 Qa2 25. Bc3 Qxc4 26. Ne3 Qd3 27. Rd1 Qe4 28.
Re1 f4 29. Ng2 Qxd5 30. gxf4 Qxg2+ 0-1

[Event "Mondiale Lampo FIDE 2019"]
[Site "Mosca"]
[Date "29.12.2019"]
[Round "6.50"]
[White "Sjugirov, Sanan"]
[Black "Vokhidov, Shamsiddin"]
[Result "1-0"]
[WhiteTitle "GM"]
[BlackTitle "IM"]
[WhiteElo "2665"]
[BlackElo "2526"]
[WhiteFideId "4189302"]
[BlackFideId "14204223"]
[EventDate "2019.12.29"]

1. e4 c5 2. Nf3 Nc6 3. Bb5 g6 4. O-O Bg7 5. c3 Nf6 6. Re1 O-O 7. h3 Qb6 8. Na3
Rd8 9. e5 Ne8 10. Qa4 d6 11. d4 cxd4 12. cxd4 dxe5 13. dxe5 Nc7 14. Be3 Qa5 15.
Bxc6 Qxa4 16. Bxa4 Bf5 17. Rac1 Nd5 18. Bd2 a6 19. Bb3 b5 20. Nc2 a5 21. Ncd4 a4
22. Bxd5 Rxd5 23. Nxf5 gxf5 24. Bb4 e6 25. Red1 Bh6 26. Rxd5 Bxc1 27. Rxb5 Bxb2
28. Bd6 a3 29. Rb8+ 1-0

[Event "Mondiale Lampo FIDE 2019"]
[Site "Mosca"]
[Date "29.12.2019"]
[Round "6.51"]
[White "Novikov, Stanislav"]
[Black "Shimanov, Aleksandr"]
[Result "1/2-1/2"]
[WhiteTitle "GM"]
[BlackTitle "GM"]
[WhiteElo "2531"]
[BlackElo "2587"]
[WhiteFideId "4125371"]
[BlackFideId "4198603"]
[EventDate "2019.12.29"]

1. e4 c6 2. d4 d5 3. Nc3 dxe4 4. Nxe4 Nf6 5. Nxf6+ exf6 6. c3 Bd6 7. Bd3 O-O 8.
Ne2 Re8 9. Qc2 h5 10. O-O h4 11. h3 Nd7 12. c4 Nf8 13. Be3 Bc7 14. Qc1 Ng6 15.
Nf4 Bxf4 16. Bxf4 Qxd4 17. Bxg6 fxg6 18. Rd1 Qc5 19. Qc3 Be6 20. b3 g5 21. Be3
Qf5 22. Qd3 Qa5 23. Qd2 Qc7 24. Qd6 Qf7 25. Rd2 Qg6 26. Kh2 g4 27. hxg4 Bxg4 28.
Rd4 Kf7 29. Qf4 Be6 30. Rad1 Rac8 31. R1d2 Rh8 32. Rd6 Rce8 33. Bxa7 Rh5 34. Be3
Rg5 35. Qf3 Rf5 36. Qe4 Re5 37. Qxg6+ Kxg6 38. a4 Kf5 39. Ra2 g5 40. Rd4 Re4 41.
Rxe4 Kxe4 42. Rd2 g4 43. Rd4+ Ke5 44. g3 h3 45. Rd2 Ke4 46. Rd4+ Ke5 47. Rd2 Ra8
48. Rd1 Bf5 49. Rd2 Be4 50. Bf4+ Kf5 51. Be3 b5 52. cxb5 cxb5 53. Rd1 bxa4 54.
bxa4 Rxa4 55. Rc1 Ra2 56. Rd1 Bf3 57. Re1 Rc2 58. Bb6 Be2 59. Be3 Ke4 60. Rc1
Ra2 61. Rb1 Kf3 62. Rb4 Bd3 63. Rf4+ Ke2 64. Rxg4 Ra1 65. Rf4 f5 66. Kxh3 Rh1+
67. Kg2 Rh7 68. Rh4 Be4+ 69. Kh3 Rd7 70. Rh6 Kf3 71. Kh4 Rg7 72. Rh8 Rg4+ 73.
Kh5 Kg2 74. Kh6 Kf3 75. Rd8 1/2-1/2

[Event "Mondiale Lampo FIDE 2019"]
[Site "Mosca"]
[Date "29.12.2019"]
[Round "6.52"]
[White "Grachev, Boris"]
[Black "Drygalov, Sergey"]
[Result "1-0"]
[WhiteTitle "GM"]
[BlackTitle "IM"]
[WhiteElo "2614"]
[BlackElo "2473"]
[WhiteFideId "4129199"]
[BlackFideId "24171743"]
[EventDate "2019.12.29"]

1. d4 Nf6 2. Nf3 d5 3. Bf4 c5 4. e3 Nc6 5. Nbd2 Qb6 6. dxc5 Qxc5 7. a3 Bg4 8. h3
Bh5 9. Be2 e6 10. O-O Be7 11. Rc1 Qb6 12. b4 O-O 13. c4 a6 14. c5 Qd8 15. Nd4
Bxe2 16. Qxe2 Nd7 17. Bg3 e5 18. Nf5 Re8 19. Nxe7+ Qxe7 20. Rfd1 Nf6 21. Bh4 Qe6
22. Bxf6 Qxf6 23. Nf3 d4 24. exd4 exd4 25. Qc4 Rad8 26. Rd2 Ne5 27. Nxe5 Rxe5
28. Rcd1 h6 29. Rxd4 Rxd4 30. Qxd4 Re1+ 31. Kh2 Rxd1 32. Qxd1 Qxf2 33. Qd8+ Kh7
34. Qc7 Qf6 35. Qxb7 Qf4+ 36. g3 Qe3 37. Qg2 Qc3 38. Qe4+ g6 39. c6 Qxa3 40. Qc2 1-0

[Event "Mondiale Lampo FIDE 2019"]
[Site "Mosca"]
[Date "29.12.2019"]
[Round "6.53"]
[White "Vavulin, Maxim"]
[Black "Savchenko, Boris"]
[Result "0-1"]
[WhiteTitle "GM"]
[BlackTitle "GM"]
[WhiteElo "2556"]
[BlackElo "2577"]
[WhiteFideId "4169530"]
[BlackFideId "4147332"]
[EventDate "2019.12.29"]

1. e4 c5 2. Nf3 g6 3. d4 cxd4 4. Nxd4 Nc6 5. Nc3 Bg7 6. Be3 Nf6 7. Bc4 Qa5 8.
O-O O-O 9. Bb3 d6 10. h3 Bd7 11. Re1 Rac8 12. Nf3 Qh5 13. Ng5 h6 14. Qxh5 Nxh5
15. Nf3 Bxc3 16. bxc3 g5 17. Rad1 Be6 18. Nd4 Ng7 19. Nxc6 bxc6 20. e5 dxe5 21.
Bc5 f6 22. Bxe7 Rf7 23. Bc5 Rb7 24. Rd6 Kf7 25. Red1 Rcc7 26. Rd8 Bxb3 27. cxb3
Ne6 28. Bd6 Rd7 29. Rxd7+ Rxd7 30. Kf1 Nf4 31. g3 Nd5 32. c4 Rxd6 33. cxd5 cxd5
34. Rc1 Ra6 35. Rc2 d4 36. Ke2 Ke6 37. Kd3 Kd5 38. f3 f5 39. Re2 Rc6 40. g4 e4+
41. fxe4+ fxe4+ 42. Kd2 e3+ 43. Kd1 0-1

[Event "Mondiale Lampo FIDE 2019"]
[Site "Mosca"]
[Date "29.12.2019"]
[Round "6.54"]
[White "Rychagov, Andrey"]
[Black "Christiansen, Johan-Sebastian"]
[Result "0-1"]
[WhiteTitle "GM"]
[BlackTitle "GM"]
[WhiteElo "2545"]
[BlackElo "2597"]
[WhiteFideId "4119932"]
[BlackFideId "1512668"]
[EventDate "2019.12.29"]

1. d4 Nf6 2. c4 c5 3. d5 b5 4. cxb5 a6 5. bxa6 g6 6. Nc3 Bg7 7. e4 O-O 8. Nf3
Qa5 9. Bd2 Bxa6 10. Be2 Bxe2 11. Qxe2 Qa6 12. h3 e6 13. dxe6 fxe6 14. Qxa6 Nxa6
15. O-O Rfb8 16. b3 Nb4 17. a4 Nc2 18. Rab1 Na3 19. Rbc1 Rxb3 20. e5 Ne8 21. Ne4
c4 22. Rfd1 Rd3 23. Nc5 Rd5 24. Bb4 Rxd1+ 25. Rxd1 Nc2 26. Bc3 Bf8 27. Nxd7 Rxa4
28. Rc1 Ra2 29. Nxf8 Kxf8 30. Nd4 Nxd4 31. Bxd4 Ra4 32. Rb1 Nc7 33. Rb8+ Ke7 34.
Rb7 Kd7 35. Rb6 Nd5 36. Rd6+ Ke7 37. Bc5 Kf7 38. Rd7+ Ke8 39. Rd6 Kf7 40. Rd7+
Kg8 41. Rd8+ Kf7 42. Rd7+ Ke8 43. Rd6 c3 44. Rxe6+ Kf7 45. Rc6 Ra1+ 46. Kh2 c2
47. Ba3 Rxa3 48. Rxc2 Ke6 49. Re2 h5 50. g3 Rf3 51. Kg2 Rf5 52. f4 h4 53. Ra2
hxg3 54. Ra6+ Kf7 55. Ra7+ Kg8 56. Kxg3 Nxf4 57. Kg4 Ne6 58. Ra5 Kg7 59. Ra7+
Kh6 60. Ra5 Rf4+ 61. Kg3 Re4 62. Kf3 Ng5+ 63. Kg3 Kh5 64. e6 Rxe6 65. h4 Re3+
66. Kf2 Rf3+ 67. Kg2 Kxh4 68. Ra6 Kh5 69. Ra5 Rc3 70. Rb5 Kh6 0-1

[Event "Mondiale Lampo FIDE 2019"]
[Site "Mosca"]
[Date "29.12.2019"]
[Round "6.55"]
[White "Afanasiev, Nikita"]
[Black "Ganguly, Surya Shekhar"]
[Result "0-1"]
[WhiteTitle "IM"]
[BlackTitle "GM"]
[WhiteElo "2517"]
[BlackElo "2633"]
[WhiteFideId "24183555"]
[BlackFideId "5002150"]
[EventDate "2019.12.29"]

1. Nf3 d5 2. e3 Nf6 3. c4 e6 4. b3 b6 5. Bb2 Bb7 6. cxd5 exd5 7. d4 Nbd7 8. g3
Bd6 9. Nc3 a6 10. Bg2 O-O 11. O-O Re8 12. Rc1 Qe7 13. Ne2 Ne4 14. Nf4 a5 15. a4
Rac8 16. Re1 Ndf6 17. Nd3 h5 18. Nfe5 Ba6 19. Nf4 c5 20. Nxd5 Nxd5 21. Bxe4 Nf6
22. Bg2 cxd4 23. exd4 Bb4 24. Re3 Rxc1 25. Qxc1 Rc8 26. Nc6 Qd7 27. Rc3 Bxc3 28.
Qxc3 Kh8 29. d5 Qd6 30. h3 Bb7 31. Qf3 Qxd5 32. Qxd5 Nxd5 33. Nd4 Ba8 34. Bf3
Nf6 35. Be2 Bd5 36. f3 Kg8 37. Kf2 Nd7 38. Ba6 Rc7 39. Bd3 Nc5 40. Bc2 Na6 41.
Ke3 Nb4 42. Bb1 f6 43. Kd2 Kf7 44. h4 g5 45. Bc3 Na6 46. Bb2 Nc5 47. Bc2 Rd7 48.
Ke3 Re7+ 49. Kd2 gxh4 50. gxh4 Ne6 51. Nf5 Rd7 52. Ke3 Rc7 53. Bd1 Nc5 54. Nd4
Re7+ 55. Kd2 Re8 56. Bc2 Rg8 57. Ke3 Rg2 58. Bc3 Rh2 59. Be1 Ne6 60. Bg3 Nxd4
61. Kxd4 Rxc2 62. Kxd5 Rc3 63. Bf2 Rxb3 0-1

[Event "Mondiale Lampo FIDE 2019"]
[Site "Mosca"]
[Date "29.12.2019"]
[Round "6.56"]
[White "Zvjaginsev, Vadim"]
[Black "Harsha, Bharathakoti"]
[Result "1-0"]
[WhiteTitle "GM"]
[BlackTitle "GM"]
[WhiteElo "2627"]
[BlackElo "2523"]
[WhiteFideId "4113403"]
[BlackFideId "5078776"]
[EventDate "2019.12.29"]

1. e4 c5 2. Nf3 Nc6 3. Bb5 g6 4. O-O Bg7 5. d3 e5 6. Bxc6 dxc6 7. Be3 Qe7 8.
Nbd2 Nf6 9. h3 O-O 10. a4 a5 11. Nc4 Nh5 12. Qd2 f5 13. Nb6 f4 14. Nxa8 fxe3 15.
fxe3 Qd8 16. Qc3 Be6 17. Kh2 Qxa8 18. Ng5 Qc8 19. Rxf8+ Bxf8 20. Qxe5 Bd7 21.
Rf1 Qe8 22. Qxe8 Bxe8 23. e5 Be7 24. Ne4 Ng7 25. g4 Ne6 26. c4 Kg7 27. Kg3 Bd7
28. h4 Nd8 29. Nf6 Be6 30. Ne8+ Kg8 31. b3 Bf7 32. Nf6+ Kg7 33. d4 cxd4 34. exd4
Bb4 35. Ne4 Be6 36. Rd1 h5 37. gxh5 gxh5 38. d5 Bf5 39. Ng5 Bg4 40. Rf1 Bc3 41.
e6 Be5+ 42. Kg2 Bd6 43. Nf7 Nxf7 44. Rxf7+ Kg6 45. Rxb7 cxd5 46. cxd5 Kf6 47.
Rb5 Bb4 48. Rxb4 axb4 49. a5 Be2 50. Kf2 Bb5 51. Ke3 Ke5 52. e7 Kd6 53. a6 1-0

[Event "Mondiale Lampo FIDE 2019"]
[Site "Mosca"]
[Date "29.12.2019"]
[Round "6.57"]
[White "Pashikian, Arman"]
[Black "Triapishko, Alexandr"]
[Result "1-0"]
[WhiteTitle "GM"]
[BlackTitle "IM"]
[WhiteElo "2605"]
[BlackElo "2502"]
[WhiteFideId "13301578"]
[BlackFideId "14122286"]
[EventDate "2019.12.29"]

1. d4 Nf6 2. c4 e6 3. Nf3 d5 4. Nc3 dxc4 5. e4 b5 6. e5 Nd5 7. Nxb5 Nb6 8. Be2
Bb7 9. O-O Nc6 10. Qd2 Nb4 11. Qf4 Qd7 12. Nc3 Nd3 13. Qg3 Nxc1 14. Raxc1 O-O-O
15. Rfd1 h6 16. b3 cxb3 17. axb3 Kb8 18. Na4 Ba3 19. Nc5 Qd5 20. Nxb7 Kxb7 21.
Ra1 Bb4 22. Ng5 Qd7 23. Bf3+ Kb8 24. Ne4 Nd5 25. Rac1 g5 26. Nc5 Qb5 27. Be4 a5
28. h3 Qb6 29. Qf3 Rhf8 30. Rc4 Qb5 31. Rdc1 Nb6 32. Bc6 1-0

[Event "Mondiale Lampo FIDE 2019"]
[Site "Mosca"]
[Date "29.12.2019"]
[Round "6.58"]
[White "Deviatkin, Andrei"]
[Black "Sasikiran, Krishnan"]
[Result "1-0"]
[WhiteTitle "GM"]
[BlackTitle "GM"]
[WhiteElo "2436"]
[BlackElo "2656"]
[WhiteFideId "4121260"]
[BlackFideId "5004985"]
[EventDate "2019.12.29"]

1. d3 d5 2. Nf3 Nf6 3. Bg5 g6 4. Nbd2 h6 5. Bxf6 exf6 6. d4 Bg7 7. e3 f5 8. g3
O-O 9. Bg2 c6 10. O-O Be6 11. c3 Nd7 12. Qc2 Nf6 13. c4 dxc4 14. Nxc4 Bd5 15.
Rac1 Rc8 16. b4 Re8 17. a3 h5 18. Rfd1 Ng4 19. h3 Nf6 20. h4 Ng4 21. Nh2 Bxg2
22. Kxg2 Qd5+ 23. Kg1 b6 24. Nxg4 hxg4 25. Nd2 Bf8 26. Qb3 Qd7 27. Nc4 Qd5 28.
Nd2 Qd7 29. Nc4 Bg7 30. Rd2 Qd5 31. Rdc2 f4 32. gxf4 g3 33. Nd2 Qh5 34. fxg3
Rcd8 35. Nf1 Qf3 36. Rf2 Qe4 37. Qc2 Qe7 38. Qxc6 Rd6 39. Qc4 Re6 40. Rc3 Kh7
41. f5 gxf5 42. Rxf5 Kg8 43. Qd3 Rg6 44. Rc2 Qxh4 45. Rg2 Qe7 46. Rf4 Bh6 47.
Rf3 a5 48. bxa5 bxa5 49. Rgf2 Rg7 50. a4 Rb8 51. Kg2 Qd7 52. e4 Qxa4 53. e5 Rd8
54. d5 Qe8 55. Qe4 Bg5 56. Rf5 a4 57. R2f3 Bc1 58. e6 fxe6 59. dxe6 Rg6 60. Rf8+ 1-0

[Event "Mondiale Lampo FIDE 2019"]
[Site "Mosca"]
[Date "29.12.2019"]
[Round "6.59"]
[White "Can, Emre"]
[Black "Perunovic, Milos"]
[Result "1-0"]
[WhiteTitle "GM"]
[BlackTitle "GM"]
[WhiteElo "2600"]
[BlackElo "2589"]
[WhiteFideId "6302181"]
[BlackFideId "921629"]
[EventDate "2019.12.29"]

1. e4 c5 2. Nc3 Nc6 3. Bb5 Nd4 4. Bc4 e6 5. Nge2 Nf6 6. O-O Qc7 7. d3 a6 8. a4
b6 9. f4 Bb7 10. Ba2 Nc6 11. Kh1 Nb4 12. Bb3 Be7 13. Ng3 h5 14. Nge2 d5 15. e5
Ng4 16. d4 h4 17. h3 Nh6 18. Be3 Nf5 19. Bf2 Nc6 20. Nb1 cxd4 21. Nd2 g5 22. Nf3
gxf4 23. Nexd4 Ng3+ 24. Bxg3 hxg3 25. Qd2 Nxd4 26. Qxd4 O-O-O 27. Qxf4 d4 28.
Qxf7 Kb8 29. Qxe6 d3 30. cxd3 Rxd3 31. Rac1 Bc5 32. Bc4 Rxf3 33. gxf3 Bc8 34.
Qf6 Rxh3+ 35. Kg2 Qh7 36. Rh1 Rh2+ 37. Kxg3 Qh3+ 38. Kf4 Rxh1 39. Rxh1 Qxh1 40.
Be6 Qc1+ 41. Kg4 Qg1+ 42. Kf5 Bxe6+ 43. Qxe6 Qg7 44. f4 Kc7 45. b3 a5 46. Qd5
Qh7+ 47. Kg4 Qg6+ 48. Kf3 Qf5 49. Qg8 Qd3+ 50. Kg4 Be3 51. e6 Qe4 52. Qf7+ Kc6
53. e7 Qg2+ 54. Kf5 Qh3+ 55. Ke4 Bxf4 56. e8=Q+ 1-0

[Event "Mondiale Lampo FIDE 2019"]
[Site "Mosca"]
[Date "29.12.2019"]
[Round "6.60"]
[White "Popov, Ivan RUS"]
[Black "Yilmaz, Mustafa"]
[Result "1-0"]
[WhiteTitle "GM"]
[BlackTitle "GM"]
[WhiteElo "2636"]
[BlackElo "2604"]
[WhiteFideId "4170350"]
[BlackFideId "6302718"]
[EventDate "2019.12.29"]

1. e4 c5 2. Nf3 d6 3. d4 cxd4 4. Qxd4 Nc6 5. Bb5 a6 6. Bxc6+ bxc6 7. O-O e5 8.
Qa4 Qc7 9. c4 Ne7 10. c5 d5 11. exd5 Nxd5 12. Nxe5 Bxc5 13. Qxc6+ Qxc6 14. Nxc6
O-O 15. Nd2 Bd7 16. Ne5 Bb5 17. Nec4 Nf4 18. a4 Bc6 19. Nb3 Ne2+ 20. Kh1 Ba7 21.
Be3 Bd5 22. Nbd2 Bxc4 23. Nxc4 Bxe3 24. fxe3 Rfc8 25. Nb6 1-0

[Event "Mondiale Lampo FIDE 2019"]
[Site "Mosca"]
[Date "29.12.2019"]
[Round "6.61"]
[White "Murzin, Volodar"]
[Black "Belov, Vladimir"]
[Result "1-0"]
[WhiteTitle "IM"]
[BlackTitle "GM"]
[WhiteElo "2442"]
[BlackElo "2598"]
[WhiteFideId "44155573"]
[BlackFideId "4132394"]
[EventDate "2019.12.29"]

1. e4 c6 2. Nf3 d5 3. Nc3 dxe4 4. Nxe4 Nf6 5. Nxf6+ exf6 6. Bc4 Bd6 7. Qe2+ Be7
8. O-O O-O 9. d4 Bg4 10. c3 Nd7 11. Bd3 Bh5 12. Qe4 Bg6 13. Qe2 Re8 14. Bxg6
hxg6 15. Qc2 Bd6 16. Be3 f5 17. Rae1 Nf6 18. Bc1 Qc7 19. h3 c5 20. Rxe8+ Rxe8
21. Re1 Rxe1+ 22. Nxe1 cxd4 23. cxd4 Qd7 24. Nf3 Ne4 25. Qc4 Bc7 26. Be3 b5 27.
Qc2 a5 28. d5 Nf6 29. Qc6 Qxc6 30. dxc6 Kf8 31. Nd4 Ke7 32. Nxb5 Kd8 33. Bd4 Nd5
34. Bxg7 Nb4 35. a3 Nxc6 36. Kf1 Bb6 37. Ke2 Kd7 38. Bc3 Ke6 39. f3 Kd5 40. Kd3
a4 41. Bg7 Ne5+ 42. Bxe5 Kxe5 43. Nc3 Bd8 44. Nxa4 Kf4 45. Ke2 Kg3 46. Kf1 Kf4
47. Kf2 Bh4+ 48. Ke2 Kg3 49. Kf1 Kf4 50. Nb6 Ke3 51. a4 Bd8 52. Nc4+ Kd4 53. Nd6
f6 54. Ke2 Kd5 55. Nb5 Kc4 56. h4 Kb3 57. Nd4+ Kxa4 58. Nc6 Bc7 59. Ne7 Kb3 60.
Nxg6 Kxb2 61. h5 1-0

[Event "Mondiale Lampo FIDE 2019"]
[Site "Mosca"]
[Date "29.12.2019"]
[Round "6.62"]
[White "Vallejo Pons, Francisco"]
[Black "Sethuraman, S.P."]
[Result "0-1"]
[WhiteTitle "GM"]
[BlackTitle "GM"]
[WhiteElo "2704"]
[BlackElo "2638"]
[WhiteFideId "2205530"]
[BlackFideId "5021596"]
[EventDate "2019.12.29"]

1. e4 c5 2. Ne2 d6 3. g3 Nf6 4. Bg2 g6 5. c3 Bg7 6. d4 O-O 7. O-O Qc7 8. Na3 a6
9. h3 Nbd7 10. Be3 Rb8 11. f4 e5 12. dxe5 dxe5 13. Nc4 b5 14. Qd6 Qxd6 15. Nxd6
Bb7 16. Nxb7 Rxb7 17. Rad1 Re8 18. f5 Bf8 19. g4 c4 20. Kh2 h6 21. fxg6 fxg6 22.
g5 hxg5 23. Bxg5 Be7 24. h4 Ng4+ 25. Kg3 Bxg5 26. Kxg4 Be7 27. Ng3 Kg7 28. h5
Nf6+ 29. Kh3 Rh8 30. Bf3 Rd7 31. Rxd7 Nxd7 32. Kg2 Bh4 33. hxg6 Bxg3 34. Kxg3
Rh6 35. Rd1 Rxg6+ 36. Kf2 Nc5 37. Rd5 Nd3+ 38. Ke3 Nxb2 39. Rxe5 Na4 40. Re7+
Kf8 41. Ra7 Nxc3 42. e5 Nxa2 43. Kd4 c3 44. Ra8+ Ke7 45. Ra7+ Kd8 46. Be4 Rg4
47. Rxa6 c2 48. Ra8+ Kc7 49. Ra7+ Kb6 50. Rb7+ Ka6 51. Rc7 c1=Q 52. Rxc1 Nxc1
53. e6 Ne2+ 54. Ke5 Nc3 55. Bc6 Rg1 56. e7 Re1+ 57. Kd6 Ne4+ 58. Ke5 Nc5+ 59.
Kd6 Ne4+ 60. Ke5 Nc5+ 61. Kd6 Nb7+ 62. Kd7 Kb6 63. Bxb5 Nc5+ 64. Kd8 Ne6+ 65.
Kc8 Nc7 66. Kd8 Kxb5 0-1

[Event "Mondiale Lampo FIDE 2019"]
[Site "Mosca"]
[Date "29.12.2019"]
[Round "6.63"]
[White "Reshetnikov, Alexey"]
[Black "Nihal, Sarin"]
[Result "0-1"]
[WhiteTitle "IM"]
[BlackTitle "GM"]
[WhiteElo "2492"]
[BlackElo "2612"]
[WhiteFideId "4162080"]
[BlackFideId "25092340"]
[EventDate "2019.12.29"]

1. b3 d5 2. Bb2 Bf5 3. e3 e6 4. Nf3 Nf6 5. Be2 h6 6. O-O Nbd7 7. d3 Bd6 8. Nbd2
O-O 9. Re1 e5 10. Bf1 Bh7 11. e4 d4 12. g3 a5 13. a4 Re8 14. Bh3 Bb4 15. Rf1 c6
16. Ne1 b5 17. f4 exf4 18. gxf4 Nc5 19. Ndf3 Bc3 20. Bxc3 dxc3 21. Kh1 Rb8 22.
Rg1 bxa4 23. bxa4 Rb2 24. f5 Qc7 25. Qc1 Kh8 26. Ng2 Nfxe4 27. dxe4 Nxe4 28. Rf1
Qb6 29. Qe3 Ng3+ 30. hxg3 Rxe3 31. Nxe3 Qxe3 32. Rae1 Qc5 33. Re8+ Bg8 34. Ne5
Kh7 35. Bg2 Rxc2 36. Nd7 Qd6 37. Nf8+ Kh8 38. Ra8 Qxg3 39. Rg1 Qh4+ 0-1